Welcome to the Holygrace Academy Library

Please use search bar below to get started

THE PARABLE OFTHE GOOD SAMARITAN (Record no. 4975)

MARC details
000 -LEADER
fixed length control field 00337nam a22001457a 4500
020 ## - INTERNATIONAL STANDARD BOOK NUMBER
ISBN 0-7214-0525-8
082 ## - DEWEY DECIMAL CLASSIFICATION NUMBER
Classification number 823
Item number MAN/P
100 ## - MAIN ENTRY--AUTHOR NAME
Personal name MANDEVILLE, SYLVIA
245 ## - TITLE STATEMENT
Title THE PARABLE OFTHE GOOD SAMARITAN
260 ## - PUBLICATION, DISTRIBUTION, ETC. (IMPRINT)
Place of publication UK
Name of publisher LADYBIRD
300 ## - PHYSICAL DESCRIPTION
Number of Pages 51
520 ## - SUMMARY, ETC.
Summary, etc ENGLISH SHORT STORY
650 ## - SUBJECT ADDED ENTRY--TOPICAL TERM
Topical Term ENGLISH SHORT STORY
Geographic subdivision UK
942 ## - ADDED ENTRY ELEMENTS (KOHA)
Koha item type Books
Holdings
Withdrawn status Lost status Collection code Home library Current library Shelving location Date acquired Source of acquisition Full call number Accession Number Koha item type
    Fiction Main Library Main Library SHELF-3-H-LADYBIRD STORY BOOKS 19/03/2015 PURCHASE 823 MAN/P 09203 Books